Die weitesten Länder von Österreich - Statistiken

Allgemein
  • Dieses Quiz wurde 161 mal gespielt
    122 seit der letzten Aktualisierung
  • Das Durchschnittsergebnis liegt bei 15 aus 20
Antwortstatistiken
km Antwort % Korrekt
12307 Australien
98%
17422 Neuseeland
96%
16062 Fidschi
85%
10617 Chile
82%
10461 Argentinien
79%
13970 Nauru
74%
13132 Mikronesien
73%
15150 Tuvalu
73%
12661 Papua Neu-Guinea
72%
16026 Samoa
72%
13915 Salomonen
71%
14383 Kiribati
70%
13253 Marshallinseln
70%
11294 Palau
70%
16548 Tonga
69%
14893 Vanuatu
68%
10828 Uruguay
66%
10398 Paraguay
64%
12116 Osttimor
61%
10040 Bolivien
58%
Keine übereinstimmenden Quizze gefunden
Verteilung der Resultate
Anzahl Personen mit jedem Resultat
Perzentil nach korrekt beantworteten Fragen
Ihre Resultats-Entwicklung
Sie haben dieses Quiz seit der letzten Aktualisierung nicht gespielt